Loading...
Fine Arts - Classical Music | 5 | 12.00 | 100% | 20% | 0% |
Fine Arts - Other Fine Arts | 5 | 12.00 | 60% | 60% | 0% |
Fine Arts - Painting & Sculpture | 4 | 10.00 | 100% | 0% | 0% |
History - American History | 5 | 14.00 | 60% | 80% | 0% |
History - European History | 2 | 10.00 | 50% | 50% | 0% |
History - Other History | 3 | 16.67 | 100% | 67% | 0% |
History - World History | 1 | 20.00 | 100% | 0% | 100% |
Literature - American Literature | 4 | 15.00 | 100% | 50% | 0% |
Literature - British Literature | 4 | 12.50 | 100% | 25% | 0% |
Literature - European Literature | 4 | 10.00 | 75% | 25% | 0% |
Literature - World Literature | 6 | 11.67 | 83% | 33% | 0% |
Mythology | 4 | 12.50 | 100% | 25% | 0% |
Other | 4 | 22.50 | 100% | 75% | 50% |
Philosophy | 2 | 15.00 | 100% | 50% | 0% |
Religion | 3 | 13.33 | 67% | 33% | 33% |
Science - Biology | 2 | 25.00 | 100% | 100% | 50% |
Science - Chemistry | 5 | 22.00 | 100% | 100% | 20% |
Science - Other Science | 3 | 16.67 | 67% | 67% | 33% |
Science - Physics | 3 | 13.33 | 100% | 33% | 0% |
Social Science | 3 | 16.67 | 100% | 33% | 33% |